000 00768cpmaa2200241 4500
001 mm 82004024
003 DLC
005 20260227111711.0
008 821130|||||||||||| eng
010 _amm 82004024
040 _aDLC
_cDLC
_edacs
_dDLC
072 7 _aN
_2lcmd
100 1 _aCross, Alma.
245 0 0 _aAlma Cross autograph album,
_f1822.
300 _a1
_fitem.
506 0 _aOpen to research.
520 8 _aAutograph album (30 pages).
546 _aCollection material in English.
580 _aForms part of: Miscellaneous Manuscripts collection.
650 0 _aAutographs.
999 _c43361
_d43361